Top 100 Reprezentacji W Rankingu Fifa - Statystyki

Ogólne statystyki
  • Ten quiz został rozwiązany 2 707 razy
  • Średni wynik to 70 z 100
Statystyki odpowiedzi
Punkty Miejsce Kraj % Poprawnych
1733 2 Francja
98%
1559 19 Polska
98%
1623 9 Argentyna
97%
1712 3 Brazylia
97%
1636 8 Hiszpania
95%
1602 15 Niemcy
95%
1639 7 Portugalia
95%
1765 1 Belgia
94%
1661 4 Anglia
93%
1470 38 Rosja
93%
1540 22 Stany Zjednoczone
93%
1579 17 Szwecja
92%
1607 13 Włochy
92%
1604 14 Holandia
91%
1503 28 Japonia
91%
1621 11 Meksyk
90%
1537 24 Ukraina
90%
1331 73 Kanada
89%
1642 6 Chorwacja
88%
1451 44 Norwegia
88%
1322 76 Chiny
87%
1446 45 Czechy
87%
1598 16 Dania
87%
1490 32 Słowacja
87%
1386 58 Finlandia
86%
1622 10 Kolumbia
86%
1645 5 Urugwaj
86%
1457 42 Australia
85%
1420 51 Egipt
85%
1486 34 Irlandia
85%
1461 40 Korea Południowa
85%
1608 12 Szwajcaria
85%
1507 26 Austria
84%
1409 54 Grecja
84%
1579 17 Chile
83%
1365 64 Słowenia
83%
1456 43 Maroko
82%
1555 20 Senegal
82%
1494 29 Turcja
82%
1544 21 Peru
80%
1494 29 Serbia
80%
1351 67 Arabia Saudyjska
79%
1489 33 Iran
79%
1475 37 Rumunia
79%
1540 22 Walia
79%
1416 52 Węgry
79%
1334 71 Republika Południowej Afryki
78%
1422 50 Szkocja
78%
1464 39 Islandia
77%
1356 66 Albania
75%
1482 35 Algieria
73%
1280 87 Białoruś
73%
1493 31 Nigeria
73%
1381 59 Bułgaria
72%
1368 63 Ekwador
72%
1344 70 Irak
72%
1517 25 Wenezuela
72%
1430 49 Bośnia i Hercegowina
70%
1442 46 Kostaryka
70%
1461 40 Paragwaj
70%
1347 68 Macedonia Północna
69%
1324 75 Boliwia
68%
1413 53 Kamerun
68%
1304 81 Panama
68%
1506 27 Tunezja
68%
1476 36 Irlandia Północna
67%
1396 55 Katar
67%
1260 93 Izrael
66%
1365 64 Czarnogóra
65%
1439 47 Ghana
65%
1267 91 Gruzja
63%
1380 61 Wybrzeże Kości Słoniowej
63%
1377 62 Honduras
59%
1437 48 Jamajka
57%
1269 89 Kongo
56%
1303 82 Oman
54%
1334 71 Zjednoczone Emiraty Arabskie
53%
1236 98 Luksemburg
51%
1389 56 Mali
51%
1251 95 Cypr
49%
1314 79 Syria
48%
1297 83 Gabon
47%
1285 86 Haiti
45%
1328 74 Gwinea
43%
1289 85 Uzbekistan
42%
1277 88 Zambia
42%
1267 91 Madagaskar
41%
1258 94 Wietnam
41%
1269 89 Liban
40%
1389 56 Demokratyczna Republika Konga
38%
1238 97 Jordania
38%
1346 69 Salwador
38%
1381 59 Burkina Faso
33%
1321 77 Uganda
33%
1240 96 Kirgistan
29%
1223 100 Mauretania
29%
1225 99 Bahrajn
28%
1295 84 Benin
28%
1318 78 Wyspy Zielonego Przylądka
11%
1313 80 Curaçao
9%
Nie znaleziono quizów pasujących do podanych kryteriów
Rozkład punktacji
Procent ludzi z każdym wynikiem
Percentyl według liczby udzielonych odpowiedzi
Twoja historia wyników
Nie rozwiązałeś tego quizu